Энергетика: экология, надежность, безопасность: материалы докладов тринадцатой Всероссийской научно-технической конференции

מידע ביבליוגרפי
Corporate Authors: Томский политехнический университет (ТПУ), Томская область Администрация, Международная энергетическая академия, Международная академия наук экологии и безопасности жизнедеятельности (МАНЭБ), Энергетика: экология, надежность, безопасность конференция
סיכום:Настоящий сборник содержит материалы тринадцатой Всероссийской научно-технической конференции "Энергетика: экология, надежность, безопасность", проведенной 5-7 декабря 2007 г. на базе Томского политехнического университета. В пленарных и секционных докладах обсуждаются проблемы эффективности и безопасности электроэнергетических и теплоэнергетических установок и систем, вопросы энергосбережения и проблемы ядерной энергетики. Рассматриваются научные проблемы и задачи экологии и защиты окружающей среды, медико-биологические аспекты техногенного влияния среды на организм.
שפה:רוסית
יצא לאור: Томск, Изд-во ТПУ, 2007
נושאים:
פורמט: MixedMaterials ספר
KOHA link:https://koha.lib.tpu.ru/cgi-bin/koha/opac-detail.pl?biblionumber=155733

MARC

LEADER 00000nam0a2200000 4500
001 155733
005 20231101221846.0
035 |a (RuTPU)RU\TPU\book\168913 
035 |a RU\TPU\book\168804 
090 |a 155733 
100 |a 20090318d2007 k y0rusy50 ca 
101 0 |a rus 
102 |a RU 
105 |a a z 101zy 
200 1 |a Энергетика: экология, надежность, безопасность  |e материалы докладов тринадцатой Всероссийской научно-технической конференции  |f Томский политехнический университет (ТПУ) ; Томская область, Администрация ; Международная энергетическая академия ; Международная академия наук экологии и безопасности жизнедеятельности (МАНЭБ) 
210 |a Томск  |c Изд-во ТПУ  |d 2007 
215 |a 372 с.  |c ил. 
320 |a Библиография в конце статей 
330 |a Настоящий сборник содержит материалы тринадцатой Всероссийской научно-технической конференции "Энергетика: экология, надежность, безопасность", проведенной 5-7 декабря 2007 г. на базе Томского политехнического университета. В пленарных и секционных докладах обсуждаются проблемы эффективности и безопасности электроэнергетических и теплоэнергетических установок и систем, вопросы энергосбережения и проблемы ядерной энергетики. Рассматриваются научные проблемы и задачи экологии и защиты окружающей среды, медико-биологические аспекты техногенного влияния среды на организм. 
606 1 |a Энергетика  |x Влияние на окружающую среду  |2 stltpush  |3 (RuTPU)RU\TPU\subj\21202  |9 46226 
610 1 |a энергетическая безопасность 
610 1 |a экология 
610 1 |a электроэнергетические системы 
610 1 |a теплоэнергетические установки 
610 1 |a энергосбережение 
610 1 |a ядерная энергетика 
610 1 |a окружающая среда 
610 1 |a защита 
610 1 |a организмы 
610 1 |a техногенное влияние 
610 1 |a медико-биологические аспекты 
610 1 |a конференции 
675 |a 620.9:628(063)  |v 3 
712 0 2 |a Томский политехнический университет (ТПУ)  |c (1991- )  |2 stltpush  |3 (RuTPU)RU\TPU\col\376 
712 0 1 |a Томская область  |b Администрация  |2 stltpush  |3 (RuTPU)RU\TPU\col\449  |9 23442 
712 0 2 |a Международная энергетическая академия  |c (Москва)  |2 stltpush  |3 (RuTPU)RU\TPU\col\5809  |9 24132 
712 0 2 |a Международная академия наук экологии и безопасности жизнедеятельности (МАНЭБ)  |c (Санкт-Петербург)  |2 stltpush  |3 (RuTPU)RU\TPU\col\822 
712 1 2 |a Энергетика: экология, надежность, безопасность  |b конференция  |d 13  |e Томск  |f 2007 
801 1 |a RU  |b 63413507  |c 20090318  |g PSBO 
801 2 |a RU  |b 63413507  |c 20120704  |g PSBO 
900 |a ЯТЦ и вопросы энергоресурсосбережения 
942 |c BK